Normal view
MARC view
Entry Personal Name
001 - CONTROL NUMBER
- control field: 59123
003 - CONTROL NUMBER IDENTIFIER
- control field: dpl
005 - DATE AND TIME OF LATEST TRANSACTION
- control field: 20231128141714.0
008 - FIXED-LENGTH DATA ELEMENTS
- fixed length control field: 231128|| aca||aabn | a|a d
040 ## - CATALOGING SOURCE
- Original cataloging agency: dpl
- Transcribing agency: dpl
100 ## - HEADING--PERSONAL NAME
- Personal name: Kumar, G Pranay
670 ## - SOURCE DATA FOUND
- Source citation: Work cat.: (dpl)199264: Veeraiah, K 59122, Fundamentals Of Management Skills/, 2023
